Statistiques concernant Highest mountain by continent

Cliquez ici pour prendre le quiz!

Statistiques générales

  • Ce quiz a été pris 41 fois
  • Le résultat moyen est 4 sur 7

Statistiques - réponses

HintRéponse% Correct
Asia (8849m)Everest
100%
Africa (5895m)Kilimandjaro
81%
Europe (5642m)Elbrouz
65%
South America (6961m)Aconcagua
57%
North America (6190m)Denali
51%
Antartica (4892m)Vinson
24%
Oceania (4509m)Wilhelm
8%

Distribution des résultats

Percentile par nombre de réponses

% des personnes avec chaque résultat

Votre développement - résultats

Vous n’avez pas pris ce quiz